00594 2200169 4500245003000000020002200030250001100052100001700063650002000080005001900100260003600119041001400155084001100169300002800180500020700208336000900415 aMimpicApril CahayahText a978-602-430-325-9 aCet. 1 aApril Cahaya aNovel Indonesia a20240301110824 aYogyakartabBentang Beliac2018 aIndonesia a808.83 ax, 286 hlm. :c20.8 cm. aHari-hari Icha jadi menyebalkan sejak ia kehilangan kalung kesayangannya.Apesnya lagi,kalung itu ditemukan oleh Ardo,kakak kelas tengil-meski ganteng juga,yang akan menjadi sumber penderitaan Icha nanti atext